| 000 | 00382nam a22001097a 4500 | ||
|---|---|---|---|
| 082 | _a694.1 GRA'A | ||
| 100 |
_aGRAHAM, FRANK D _942150 |
||
| 245 | _aAUDELS CARPENTERS AMD BUILDERS GUIDE-2 A PRACTICAL ILLUSTRATED TRADE ASSISTANT ON MODERN CONSTRUCTUION FOR CARPENTERS JOINERS BUILDERS AND ALL WOOD WORKERS | ||
| 260 |
_aINDIANA _bHOWARD W. SAMS _c1963 |
||
| 300 | _a796P | ||
| 942 | _cBK | ||
| 999 |
_c567270 _d567270 |
||